Normal view
MARC view
- ادارة الانتاج-مصانع
Entry Topical Term
001 - CONTROL NUMBER
- control field: 19897
003 - CONTROL NUMBER IDENTIFIER
- control field: JO-AjAnu
005 - DATE AND TIME OF LATEST TRANSACTION
- control field: 20230606073453.0
008 - FIXED-LENGTH DATA ELEMENTS
- fixed length control field: 230606|| aca||aabn | a|a d
040 ## - CATALOGING SOURCE
- Original cataloging agency: JO-AjAnu
- Transcribing agency: JO-AjAnu
150 ## - HEADING--TOPICAL TERM
- Topical term or geographic name entry element: ادارة الانتاج-مصانع
670 ## - SOURCE DATA FOUND
- Source citation: Work cat.: (JO-AjAnu)10215: محجوب،بسمان فيصل/عبدالعزيز مصطفى/طاهر التميمي ؛ راجعه خليل محمد حسن الشماع, author 19896, ادارة المنشآت الصناعية